Zverejňovať sa zatiaľ nebude

Transparentnosť v štatistikách o sprostredkovateľských sieťach. Zverejňovanie hospodárskych výsledkov finančných inštitúcií. Dôležitosť transparentnosti.

Guardado en:
Detalles Bibliográficos
Autor principal: Škriniar, Pavel, 1979-
Formato: Capítulo de libro
Lenguaje:eslovaco
Materias:
Etiquetas: Agregar Etiqueta
Sin Etiquetas, Sea el primero en etiquetar este registro!

MARC

LEADER 00000naa$a2200000$$$4500
001 0088323
005 20240502072005.4
041 0 |a slo 
044 |a SK 
245 1 0 |a Zverejňovať sa zatiaľ nebude  |c Pavel Škriniar 
520 |a Transparentnosť v štatistikách o sprostredkovateľských sieťach. Zverejňovanie hospodárskych výsledkov finančných inštitúcií. Dôležitosť transparentnosti. 
610 2 0 |a výsledok hospodársky 
610 2 0 |a asociácie 
610 2 0 |a štatistika ekonomická 
610 2 0 |a sprostredkovatelia 
100 1 |a Škriniar, Pavel, 1979-